Forest research in Indonesia. (Record no. 80518)

MARC details
000 -LEADER
fixed length control field 00682cam a22002411 4500
001 - CONTROL NUMBER
control field sa 68005086
003 - CONTROL NUMBER IDENTIFIER
control field DLC
005 - DATE AND TIME OF LATEST TRANSACTION
control field 20260227112506.0
008 - FIXED-LENGTH DATA ELEMENTS--GENERAL INFORMATION
fixed length control field 711108s1957 io a b 000 0 eng
010 ## - LIBRARY OF CONGRESS CONTROL NUMBER
LC control number sa 68005086
040 ## - CATALOGING SOURCE
Original cataloging agency DLC
Transcribing agency DLC
Modifying agency DLC
041 0# - LANGUAGE CODE
Language code of text/sound track or separate title engind
043 ## - GEOGRAPHIC AREA CODE
Geographic area code a-io---
050 00 - LIBRARY OF CONGRESS CALL NUMBER
Classification number SD97.I6
Item number L45 1957
110 1# - MAIN ENTRY--CORPORATE NAME
Corporate name or jurisdiction name as entry element Lembaga Pusat Penjelidikan Kehutanan.
245 10 - TITLE STATEMENT
Title Forest research in Indonesia.
260 ## - PUBLICATION, DISTRIBUTION, ETC.
Place of publication, distribution, etc. Bogor
Date of publication, distribution, etc. [1957]
300 ## - PHYSICAL DESCRIPTION
Extent 55 p. (chiefly illus.)
Dimensions 29 cm.
500 ## - GENERAL NOTE
General note English and Indonesian.
504 ## - BIBLIOGRAPHY, ETC. NOTE
Bibliography, etc. note Includes bibliography.
650 #0 - SUBJECT ADDED ENTRY--TOPICAL TERM
Topical term or geographic name entry element Forests and forestry
Geographic subdivision Indonesia.
650 #0 - SUBJECT ADDED ENTRY--TOPICAL TERM
Topical term or geographic name entry element Forests and forestry
General subdivision Research
Geographic subdivision Indonesia.

No items available.

Powered by Koha